Dynamické modely inflácie a nezamestnanosti diplomová práca

Guardado en:
Detalles Bibliográficos
Autor principal: Fábryová, Terézia
Autor Corporativo: Fakulta hospodárskej informatiky EU. Katedra operačného výskumu a ekonometrie
Otros Autores: Szomolányi, Karol, 1976-
Formato: Libro
Lenguaje:eslovaco
Publicado: Bratislava 2016
Etiquetas: Agregar Etiqueta
Sin Etiquetas, Sea el primero en etiquetar este registro!

MARC

LEADER 00000nlm a2200000 4500
001 0226906
005 20180712093134.1
041 0 |a slo 
044 |a SK 
245 1 0 |a Dynamické modely inflácie a nezamestnanosti  |b diplomová práca  |c Terézia Fábryová ; školiteľ: Karol Szomolányi 
264 1 |a Bratislava  |c 2016 
300 |a 53 s. 
100 1 |a Fábryová, Terézia 
700 1 |a Szomolányi, Karol, 1976- 
710 2 |a Fakulta hospodárskej informatiky EU. Katedra operačného výskumu a ekonometrie